000 00685nam a2200205Ia 4500
003 GCL
008 140319s9999 xx 000 0 ara d
020 _a6456201977
040 _aGCL /
_cGCL
082 0 4 _a928.1
_bز ا
100 1 _aزكريا ابراهيم
245 1 0 _aابوحيان التوحيدى :
_bاديب الفلاسفة و فيلسوف الادباء /
_cزكريا ابراهيم
260 _aالقاهرة :
_bالمجلس الاعلى للثقافة ،
_c1995
300 _a307 ص ؛
_c18سم
490 _a
650 0 4 _aالادب العربى
650 0 4 _aالبلاغة العربية
650 0 4 _aابوحيان التوحيدى
942 _2ddc
_cBK
999 _c38063
_d38063